Statistics for 2017 European Championships of Darts Participants

Click here to take the quiz!

General Stats

  • This quiz has been taken 8 times
  • The average score is 19 of 32

Answer Stats

SeedCountryPlayer% Correct
8AustraliaSimon Whitlock
100%
1NetherlandsMichael van Gerwen
83%
3EnglandMichael Smith
83%
28BelgiumRonny Huybrechts
83%
5NetherlandsJelle Klaasen
83%
24AustraliaKyle Anderson
83%
20NetherlandsVincent van der Voort
83%
9EnglandDave Chisnall
83%
2ScotlandPeter Wright
83%
11BelgiumKim Huybrechts
83%
12Northern IrelandDaryl Gurney
83%
14WalesGerwyn Price
67%
17EnglandStephen Bunting
67%
4AustriaMensur Suljovic
67%
13EnglandMervyn King
50%
15SpainCristo Reyes
50%
31EnglandDarren Webster
50%
25BelgiumDimitri van den Bergh
50%
6EnglandRob Cross
50%
23ScotlandJohn Henderson
50%
21GermanyMartin Schindler
50%
18PolandKrzysztof Ratajski
50%
10NetherlandsBenito van de Pas
50%
32WalesJonny Clayton
50%
22NetherlandsChristian Kist
33%
7EnglandJoe Cullen
33%
19EnglandAlan Norris
33%
26EnglandSteve Beaton
33%
27EnglandNathan Aspinall
33%
29NetherlandsJan Dekker
33%
30EnglandJames Richardson
33%
16EnglandIan White
33%

Score Distribution

Percentile by Number Answered

Percent of People with Each Score

Your Score History

You have not taken this quiz